000 00938cab a2200253 4500
001 WB3119-19
008 090401t1995 xxu||||| |||| 00| 0 eng d
035 _a(Sirsi) u70551
041 _aeng
245 _aHerring issues new shares
260 _c1995
350 _a0
490 _aTimes
_v17 May 1995, 26&27
490 _aPlanning Week
_v51(7) 18 May 1995, 5(2)
520 _aChartered surveyor Herring Baker Harris has issued new shares worth 18.5% of the company to its landlords as compensation for rent reductions and the surrender of expensive leases. The company has returned to trading profit as part of its cost cutting exercise.
650 _aCOMPENSATION
650 _aHERRING BAKER HARRIS
650 _aSHARE ISSUE
650 _aSURRENDER OF LEASES
690 _aPROPERTY-PROPERTY FINANCE AND INVESTMENT
690 _aMANAGEMENT-BUSINESS MANAGEMENT-PROFESSIONAL PRACTICE
942 _n0
948 _c04/03/1997
999 _c44383
_d44383